000 00616nam a2200229Ia 4500
005 20260320201848.0
008 008 262003s9999 xx 000 0 eng d
037 _aEBOOK
040 _aCRL
040 _beng
040 _cCRL
041 _2eng
041 _aeng
084 _qCRL
100 _aMotta
_9939768
245 0 _aGPU Programming with C++ and CUDA: Uncover effective techniques for writing efficient GPU-parallel C++ applications
260 _bIEEE
856 _uhttps://ieeexplore.ieee.org/servlet/opac?bknumber=11244364
942 _cEBOOK
999 _c1723961
_d1723961